[Event "EYCC 2024 - G16"]
[Site "?"]
[Date "2024.08.29"]
[Round "7.8"]
[White "Zapalowska, Wiktoria"]
[Black "Nuriyeva, Nurtan"]
[Result "1/2-1/2"]
[BlackElo "1891"]
[WhiteElo "1733"]
[LiveChessVersion "1.4.8"]

1. e4 {[%clk 1:30:59]} c5 {[%clk 1:30:44]} 2. Ne2 {[%clk 1:31:16]} d6
{[%clk 1:31:06]} 3. g3 {[%clk 1:31:33]} Nc6 {[%clk 1:31:28]} 4. Bg2
{[%clk 1:31:28]} g6 {[%clk 1:31:41]} 5. c3 {[%clk 1:30:37]} Bg7 {[%clk 1:31:35]}
6. d4 {[%clk 1:30:52]} cxd4 {[%clk 1:30:07]} 7. cxd4 {[%clk 1:31:16]} Bg4
{[%clk 1:26:54]} 8. f3 {[%clk 1:30:38]} Bd7 {[%clk 1:26:57]} 9. Be3
{[%clk 1:29:11]} e6 {[%clk 1:24:55]} 10. Nbc3 {[%clk 1:28:02]} Nge7
{[%clk 1:17:10]} 11. Qd2 {[%clk 1:26:07]} O-O {[%clk 1:14:55]} 12. O-O
{[%clk 1:25:28]} a6 {[%clk 1:11:39]} 13. Rac1 {[%clk 1:22:38]} Rc8
{[%clk 1:09:49]} 14. h3 {[%clk 1:18:28]} b5 {[%clk 1:06:23]} 15. b3
{[%clk 1:15:10]} e5 {[%clk 0:50:00]} 16. Rfd1 {[%clk 1:09:00]} exd4
{[%clk 0:45:19]} 17. Nxd4 {[%clk 1:08:55]} f5 {[%clk 0:41:25]} 18. Nxc6
{[%clk 0:57:50]} Rxc6 {[%clk 0:39:59]} 19. Bf4 {[%clk 0:52:44]} Qb6+
{[%clk 0:35:55]} 20. Kh2 {[%clk 0:49:59]} Be6 {[%clk 0:33:40]} 21. Be3
{[%clk 0:34:28]} Qc7 {[%clk 0:32:41]} 22. Ne2 {[%clk 0:31:33]} fxe4
{[%clk 0:30:07]} 23. fxe4 {[%clk 0:30:35]} Be5 {[%clk 0:29:10]} 24. Bf4
{[%clk 0:26:09]} Rc8 {[%clk 0:27:59]} 25. Nd4 {[%clk 0:19:02]} Rxc1
{[%clk 0:26:39]} 26. Nxe6 {[%clk 0:15:26]} Rxd1 {[%clk 0:26:16]} 27. Qxd1
{[%clk 0:15:34]} Qc3 {[%clk 0:22:58]} 28. Qg4 {[%clk 0:13:39]} Bxf4
{[%clk 0:22:32]} 29. Nxf4 {[%clk 0:12:30]} Qe5 {[%clk 0:20:44]} 30. Nd5
{[%clk 0:10:13]} Rc2 {[%clk 0:18:13]} 31. Nb4 {[%clk 0:08:45]} Rxg2+
{[%clk 0:17:08]} 32. Kxg2 {[%clk 0:09:08]} Qb2+ {[%clk 0:17:34]} 33. Kf1
{[%clk 0:09:20]} Qf6+ {[%clk 0:11:08]} 34. Ke2 {[%clk 0:06:39]} h5
{[%clk 0:10:11]} 35. Qf3 {[%clk 0:05:29]} Qb2+ {[%clk 0:09:55]} 36. Kf1
{[%clk 0:03:58]} Qd4 {[%clk 0:08:07]} 37. Nc2 {[%clk 0:02:42]} Qe5
{[%clk 0:07:18]} 38. Qd3 {[%clk 0:02:21]} Kf8 {[%clk 0:06:09]} 39. Kg2
{[%clk 0:02:19]} d5 {[%clk 0:04:37]} 40. exd5 {[%clk 0:02:36]} Nxd5
{[%clk 0:04:55]} 41. Qd4 {[%clk 0:02:17]} Qxd4 {[%clk 0:01:33]} 42. Nxd4
{[%clk 0:02:46]} Nc3 {[%clk 0:01:10]} 43. a3 {[%clk 0:02:54]} Nb1
{[%clk 0:01:02]} 44. Nc2 {[%clk 0:02:24]} Nd2 {[%clk 0:01:18]} 45. Nd4
{[%clk 0:02:20]} Nb1 {[%clk 0:01:39]} 46. Nc2 {[%clk 0:02:46]} Nd2
{[%clk 0:02:04]} 47. Nd4 {[%clk 0:02:41]} Nb1 {[%clk 0:02:04]} 48. Nc2
{[%clk 0:02:44]} 1/2-1/2

[Event "EYCC 2024 - G16"]
[Site "?"]
[Date "2024.08.29"]
[Round "7.9"]
[White "Haapsal, Maria Ioanna"]
[Black "Tsapaki, Asimenia"]
[Result "1/2-1/2"]
[BlackElo "1885"]
[WhiteElo "1704"]
[LiveChessVersion "1.4.8"]

1. e4 {[%clk 1:30:56]} c5 {[%clk 1:30:47]} 2. Nf3 {[%clk 1:31:17]} e6
{[%clk 1:31:10]} 3. d4 {[%clk 1:31:29]} cxd4 {[%clk 1:31:33]} 4. Nxd4
{[%clk 1:31:52]} Nf6 {[%clk 1:31:56]} 5. Nc3 {[%clk 1:31:38]} Nc6
{[%clk 1:32:20]} 6. Nxc6 {[%clk 1:31:26]} bxc6 {[%clk 1:32:43]} 7. e5
{[%clk 1:30:51]} Nd5 {[%clk 1:33:04]} 8. Ne4 {[%clk 1:31:01]} Qc7
{[%clk 1:33:23]} 9. f4 {[%clk 1:31:10]} f5 {[%clk 1:33:44]} 10. exf6
{[%clk 1:29:54]} gxf6 {[%clk 1:34:00]} 11. Qh5+ {[%clk 1:16:36]} Kd8
{[%clk 1:34:19]} 12. Qf3 {[%clk 1:09:17]} Be7 {[%clk 1:31:55]} 13. Be2
{[%clk 1:05:14]} Qb6 {[%clk 1:26:15]} 14. c4 {[%clk 1:00:22]} Nb4
{[%clk 1:26:10]} 15. Qb3 {[%clk 0:53:00]} Rg8 {[%clk 1:05:47]} 16. a3
{[%clk 0:45:07]} Qd4 {[%clk 1:05:14]} 17. Ng3 {[%clk 0:42:15]} Rb8
{[%clk 1:03:48]} 18. Qd1 {[%clk 0:33:53]} Qxd1+ {[%clk 0:55:48]} 19. Kxd1
{[%clk 0:34:11]} Na6 {[%clk 0:56:09]} 20. b4 {[%clk 0:32:13]} Nc7
{[%clk 0:44:58]} 21. Kc2 {[%clk 0:27:50]} c5 {[%clk 0:42:42]} 22. b5
{[%clk 0:22:52]} Bb7 {[%clk 0:42:48]} 23. Rg1 {[%clk 0:21:01]} Ne8
{[%clk 0:38:26]} 24. Be3 {[%clk 0:19:28]} f5 {[%clk 0:37:59]} 25. Bf3
{[%clk 0:18:53]} Bxf3 {[%clk 0:34:58]} 26. gxf3 {[%clk 0:19:16]} Nf6
{[%clk 0:32:41]} 27. Rad1 {[%clk 0:17:12]} Kc7 {[%clk 0:32:23]} 28. Bd2
{[%clk 0:15:30]} Kb6 {[%clk 0:20:00]} 29. Bc3 {[%clk 0:13:59]} Rbd8
{[%clk 0:15:54]} 30. Ne2 {[%clk 0:11:47]} Rg6 {[%clk 0:10:45]} 31. a4
{[%clk 0:06:42]} d6 {[%clk 0:07:22]} 32. a5+ {[%clk 0:06:51]} Kc7
{[%clk 0:06:42]} 33. Ng3 {[%clk 0:05:26]} Rdg8 {[%clk 0:05:56]} 34. Rge1
{[%clk 0:03:45]} Kd7 {[%clk 0:05:34]} 35. Ra1 {[%clk 0:01:21]} Bd8
{[%clk 0:04:04]} 36. Red1 {[%clk 0:00:44]} Bc7 {[%clk 0:03:13]} 37. Be5
{[%clk 0:00:46]} Rb8 {[%clk 0:02:58]} 38. Bc3 {[%clk 0:00:45]} Ke7
{[%clk 0:02:33]} 39. Re1 {[%clk 0:01:01]} Kf7 {[%clk 0:02:29]} 40. Rad1
{[%clk 0:01:10]} Rgg8 {[%clk 0:02:28]} 41. b6 {[%clk 0:01:13]} axb6
{[%clk 0:02:38]} 42. axb6 {[%clk 0:01:39]} Rxb6 {[%clk 0:02:32]} 43. Ba5
{[%clk 0:02:04]} Rb7 {[%clk 0:02:55]} 44. Bxc7 {[%clk 0:02:30]} Rxc7
{[%clk 0:03:18]} 45. Rxd6 {[%clk 0:02:56]} Re8 {[%clk 0:03:11]} 46. Nxf5
{[%clk 0:02:07]} exf5 {[%clk 0:01:24]} 47. Rxf6+ {[%clk 0:02:33]} Kxf6
{[%clk 0:01:51]} 48. Rxe8 {[%clk 0:02:57]} h5 {[%clk 0:00:47]} 49. Kb3
{[%clk 0:01:15]} Rb7+ {[%clk 0:00:51]} 50. Kc3 {[%clk 0:01:17]} Rc7
{[%clk 0:00:40]} 51. h4 {[%clk 0:01:12]} Ra7 {[%clk 0:00:33]} 52. Rb8
{[%clk 0:00:48]} Ra3+ {[%clk 0:00:34]} 53. Rb3 {[%clk 0:00:53]} Ra1
{[%clk 0:00:32]} 54. Rb6+ {[%clk 0:01:07]} Kg7 {[%clk 0:00:57]} 55. Rb7+
{[%clk 0:00:38]} Kg6 {[%clk 0:01:21]} 56. Rb6+ {[%clk 0:01:06]} Kg7
{[%clk 0:01:45]} 57. Rc6 {[%clk 0:00:42]} Ra3+ {[%clk 0:02:03]} 58. Kd2 Rxf3
{[%clk 0:00:49]} 59. Rxc5 {[%clk 0:00:47]} Rxf4 {[%clk 0:01:15]} 60. Ke3
{[%clk 0:01:02]} 1/2-1/2

[Event "EYCC 2024 - G16"]
[Site "?"]
[Date "2024.08.29"]
[Round "7.10"]
[White "Lorenz, Veronika"]
[Black "Almeida, Marta Dias"]
[Result "1-0"]
[BlackElo "1807"]
[WhiteElo "1884"]
[LiveChessVersion "1.4.8"]

1. e4 {[%clk 1:30:59]} c6 {[%clk 1:30:52]} 2. d4 d5 {[%clk 1:31:15]} 3. exd5
{[%clk 1:31:56]} cxd5 {[%clk 1:31:38]} 4. c4 {[%clk 1:32:25]} Nf6
{[%clk 1:31:59]} 5. Nc3 {[%clk 1:32:54]} e6 {[%clk 1:32:15]} 6. Nf3
{[%clk 1:33:18]} Bb4 {[%clk 1:31:08]} 7. cxd5 {[%clk 1:33:43]} Nxd5
{[%clk 1:31:21]} 8. Bd2 {[%clk 1:34:09]} Nc6 {[%clk 1:30:59]} 9. Bd3
{[%clk 1:33:20]} Be7 {[%clk 1:25:25]} 10. a3 {[%clk 1:29:32]} O-O
{[%clk 1:24:16]} 11. O-O {[%clk 1:28:36]} Bf6 {[%clk 1:23:52]} 12. Be3
{[%clk 1:27:25]} Nce7 {[%clk 1:21:18]} 13. Rc1 {[%clk 1:24:10]} Bd7
{[%clk 1:20:50]} 14. Ne4 {[%clk 1:19:07]} Bc6 {[%clk 1:15:22]} 15. Bb1
{[%clk 1:13:36]} Rc8 {[%clk 1:13:18]} 16. Qd3 {[%clk 1:12:50]} g6
{[%clk 1:08:57]} 17. Nxf6+ {[%clk 1:12:24]} Nxf6 {[%clk 1:09:18]} 18. Bg5
{[%clk 0:59:38]} Nfd5 {[%clk 1:05:53]} 19. Ne5 {[%clk 0:49:58]} f6
{[%clk 1:02:31]} 20. Nxc6 {[%clk 0:49:51]} Nxc6 {[%clk 1:02:17]} 21. Bh6
{[%clk 0:50:14]} Rf7 {[%clk 1:01:33]} 22. Rfe1 {[%clk 0:43:56]} Qd6
{[%clk 0:59:16]} 23. Ba2 {[%clk 0:42:20]} Rd8 {[%clk 0:57:56]} 24. Qe4
{[%clk 0:26:00]} Re7 {[%clk 0:56:32]} 25. Rcd1 {[%clk 0:19:36]} Rde8
{[%clk 0:54:02]} 26. Qf3 {[%clk 0:17:10]} f5 {[%clk 0:52:23]} 27. Bg5
{[%clk 0:16:53]} Rd7 {[%clk 0:51:51]} 28. h4 {[%clk 0:14:54]} Qf8
{[%clk 0:50:57]} 29. Rxe6 {[%clk 0:10:59]} Rxe6 {[%clk 0:50:14]} 30. Bxd5
{[%clk 0:11:28]} Rxd5 {[%clk 0:47:21]} 31. Qxd5 {[%clk 0:11:56]} Qd6
{[%clk 0:47:37]} 32. Qxd6 {[%clk 0:07:18]} Rxd6 {[%clk 0:47:59]} 33. d5
{[%clk 0:07:45]} Na5 {[%clk 0:45:47]} 34. Bf4 {[%clk 0:07:31]} Rd7
{[%clk 0:46:08]} 35. d6 {[%clk 0:06:44]} Nc4 {[%clk 0:46:00]} 36. Rc1
{[%clk 0:07:12]} Nb6 {[%clk 0:45:56]} 37. f3 {[%clk 0:02:29]} Kf7
{[%clk 0:46:06]} 38. Rc7 {[%clk 0:00:41]} Ke6 {[%clk 0:45:53]} 39. Kf2
{[%clk 0:01:02]} Nd5 {[%clk 0:45:39]} 40. Rxd7 {[%clk 0:01:30]} Kxd7
{[%clk 0:45:57]} 41. Be5 {[%clk 0:01:35]} f4 {[%clk 0:44:32]} 42. g3
{[%clk 0:01:45]} fxg3+ {[%clk 0:44:43]} 43. Kxg3 {[%clk 0:00:50]} Ke6
{[%clk 0:43:55]} 44. f4 {[%clk 0:01:08]} Ne3 {[%clk 0:44:05]} 45. Kf3
{[%clk 0:00:50]} Nf5 {[%clk 0:44:11]} 46. Kg4 {[%clk 0:01:06]} h6
{[%clk 0:44:15]} 47. h5 {[%clk 0:00:51]} g5 {[%clk 0:41:11]} 48. fxg5
{[%clk 0:01:19]} hxg5 {[%clk 0:40:38]} 49. Bh2 {[%clk 0:01:34]} Kf6
{[%clk 0:40:27]} 50. Be5+ {[%clk 0:01:00]} Kxe5 {[%clk 0:40:41]} 51. d7
{[%clk 0:01:17]} Nh6+ {[%clk 0:40:50]} 52. Kxg5 {[%clk 0:01:45]} Nf7+
{[%clk 0:41:06]} 53. Kg6 {[%clk 0:02:12]} Ke6 {[%clk 0:41:16]} 54. h6
{[%clk 0:01:28]} Ke7 {[%clk 0:40:38]} 55. h7 {[%clk 0:01:35]} Nh8+
{[%clk 0:39:25]} 56. Kg7 {[%clk 0:02:01]} Nf7 {[%clk 0:39:35]} 57. d8=Q+
{[%clk 0:02:16]} Nxd8 {[%clk 0:39:56]} 58. h8=Q {[%clk 0:02:39]} Ne6+
{[%clk 0:40:16]} 59. Kg6 {[%clk 0:02:47]} 1-0

[Event "EYCC 2024 - G16"]
[Site "?"]
[Date "2024.08.29"]
[Round "7.11"]
[White "Balazs, Sztella Anna"]
[Black "Zgoda, Aleksandra"]
[Result "1/2-1/2"]
[BlackElo "1688"]
[WhiteElo "1879"]
[LiveChessVersion "1.4.8"]

1. e4 {[%clk 1:30:58]} e6 {[%clk 1:30:51]} 2. d4 {[%clk 1:31:24]} d5
{[%clk 1:31:14]} 3. e5 {[%clk 1:31:50]} c5 {[%clk 1:31:35]} 4. c3
{[%clk 1:32:16]} Nc6 {[%clk 1:31:50]} 5. Nf3 {[%clk 1:32:41]} Qb6
{[%clk 1:31:11]} 6. a3 {[%clk 1:32:44]} c4 {[%clk 1:29:58]} 7. Nbd2
{[%clk 1:32:51]} Na5 {[%clk 1:28:27]} 8. Rb1 {[%clk 1:32:32]} Bd7
{[%clk 1:24:51]} 9. h4 {[%clk 1:30:14]} h5 {[%clk 1:03:11]} 10. b4
{[%clk 1:19:25]} Nc6 {[%clk 0:55:00]} 11. Be2 {[%clk 1:10:15]} Nh6
{[%clk 0:49:15]} 12. Ng5 {[%clk 1:04:39]} g6 {[%clk 0:43:45]} 13. Nf1
{[%clk 0:54:19]} Nf5 {[%clk 0:39:13]} 14. Rh3 {[%clk 0:49:46]} Qc7
{[%clk 0:33:07]} 15. Nh2 {[%clk 0:44:23]} Bg7 {[%clk 0:25:32]} 16. f4
{[%clk 0:33:36]} Nce7 {[%clk 0:24:01]} 17. a4 {[%clk 0:30:41]} b5
{[%clk 0:20:34]} 18. a5 {[%clk 0:29:17]} f6 {[%clk 0:20:13]} 19. exf6
{[%clk 0:27:09]} Bxf6 {[%clk 0:20:36]} 20. Nhf3 {[%clk 0:25:28]} Nd6
{[%clk 0:16:23]} 21. Ne5 {[%clk 0:23:51]} Bxg5 {[%clk 0:14:37]} 22. hxg5
{[%clk 0:23:13]} Ne4 {[%clk 0:14:31]} 23. Qc2 {[%clk 0:21:48]} Rg8
{[%clk 0:10:37]} 24. Bf3 {[%clk 0:20:50]} Nd6 {[%clk 0:10:51]} 25. g4 hxg4
{[%clk 0:10:32]} 26. Bxg4 {[%clk 0:19:53]} O-O-O {[%clk 0:08:24]} 27. Rh7
{[%clk 0:17:04]} Nef5 {[%clk 0:03:19]} 28. Qh2 {[%clk 0:15:12]} Ne4
{[%clk 0:03:10]} 29. Qh3 {[%clk 0:15:04]} Qb8 {[%clk 0:01:59]} 30. Rb2
{[%clk 0:13:55]} Kc7 {[%clk 0:00:58]} 31. Rh2 {[%clk 0:13:53]} Qc8
{[%clk 0:01:19]} 32. Kd1 {[%clk 0:13:03]} Kb8 {[%clk 0:01:28]} 33. Kc2
{[%clk 0:13:28]} Bc6 {[%clk 0:00:47]} 34. Nf7 {[%clk 0:11:20]} Rdf8
{[%clk 0:00:45]} 35. Ne5 {[%clk 0:10:04]} Qe8 {[%clk 0:00:43]} 36. Kb2
{[%clk 0:09:19]} 1/2-1/2

[Event "EYCC 2024 - G16"]
[Site "?"]
[Date "2024.08.29"]
[Round "7.12"]
[White "Hristova, Ivelina"]
[Black "Ken-Dror, Renana"]
[Result "1/2-1/2"]
[BlackElo "1618"]
[WhiteElo "1875"]
[LiveChessVersion "1.4.8"]

1. e4 {[%clk 1:30:53]} c6 {[%clk 1:30:58]} 2. d4 {[%clk 1:31:20]} d5
{[%clk 1:31:26]} 3. Nd2 {[%clk 1:31:44]} dxe4 {[%clk 1:31:21]} 4. Nxe4
{[%clk 1:32:05]} Nf6 {[%clk 1:31:47]} 5. Nxf6+ {[%clk 1:32:28]} gxf6
{[%clk 1:32:13]} 6. Be2 {[%clk 1:32:48]} Bf5 {[%clk 1:29:11]} 7. Bf3
{[%clk 1:33:04]} e6 {[%clk 1:28:07]} 8. Ne2 {[%clk 1:33:18]} Nd7 {[%clk 1:26:21]}
9. O-O {[%clk 1:32:16]} Qc7 {[%clk 1:22:00]} 10. c4 {[%clk 1:31:10]} Rg8
{[%clk 1:03:37]} 11. c5 {[%clk 1:23:21]} e5 {[%clk 0:45:54]} 12. b4
{[%clk 1:00:50]} Be7 {[%clk 0:30:57]} 13. Re1 {[%clk 0:48:09]} Be6
{[%clk 0:23:24]} 14. d5 {[%clk 0:35:26]} cxd5 {[%clk 0:20:48]} 15. Bxd5
{[%clk 0:35:38]} Bxd5 {[%clk 0:20:40]} 16. Qxd5 {[%clk 0:35:59]} Qc6
{[%clk 0:20:55]} 17. Qxc6 {[%clk 0:34:39]} bxc6 {[%clk 0:21:20]} 18. Bb2
{[%clk 0:28:07]} Rb8 {[%clk 0:17:30]} 19. Bc3 {[%clk 0:26:36]} Rg4
{[%clk 0:13:27]} 20. Ng3 {[%clk 0:20:50]} Nf8 {[%clk 0:12:56]} 21. Nf5
{[%clk 0:17:15]} Ne6 {[%clk 0:10:56]} 22. Ne3 {[%clk 0:13:12]} Rg8
{[%clk 0:10:57]} 23. Rad1 {[%clk 0:11:03]} Bf8 {[%clk 0:03:58]} 24. Kf1
{[%clk 0:07:56]} Nc7 {[%clk 0:02:25]} 25. f4 {[%clk 0:06:12]} Bg7
{[%clk 0:02:15]} 26. fxe5 {[%clk 0:06:07]} fxe5 {[%clk 0:02:34]} 27. Nf5
{[%clk 0:05:38]} f6 {[%clk 0:01:41]} 28. Ne3 {[%clk 0:02:20]} Bf8
{[%clk 0:01:58]} 29. Rd3 {[%clk 0:01:57]} Nb5 {[%clk 0:02:18]} 30. Bb2
{[%clk 0:02:10]} Nc7 {[%clk 0:02:05]} 31. Bc3 {[%clk 0:02:24]} Nb5
{[%clk 0:02:17]} 32. Bb2 {[%clk 0:00:56]} Nc7 {[%clk 0:02:43]} 33. Bc3
{[%clk 0:00:36]} Nb5 {[%clk 0:03:08]} 34. Bb2 {[%clk 0:00:35]} Nc7
{[%clk 0:03:32]} 35. Bc3 {[%clk 0:00:37]} Nb5 {[%clk 0:03:55]} 1/2-1/2

[Event "EYCC 2024 - G16"]
[Site "?"]
[Date "2024.08.29"]
[Round "7.13"]
[White "Zhezhovska, Monika"]
[Black "Recica, Jona"]
[Result "1-0"]
[BlackElo "1791"]
[WhiteElo "2069"]
[LiveChessVersion "1.4.8"]

1. d4 {[%clk 1:30:58]} d5 {[%clk 1:30:56]} 2. c4 {[%clk 1:31:24]} dxc4
{[%clk 1:31:23]} 3. Nf3 {[%clk 1:31:48]} a6 {[%clk 1:31:43]} 4. a4
{[%clk 1:31:36]} c6 {[%clk 1:31:48]} 5. Nc3 {[%clk 1:31:59]} Bg4 {[%clk 1:31:21]}
6. e3 {[%clk 1:31:35]} e5 {[%clk 1:26:01]} 7. Bxc4 {[%clk 1:30:13]} exd4
{[%clk 1:26:13]} 8. exd4 {[%clk 1:30:30]} Bd6 {[%clk 1:22:45]} 9. O-O
{[%clk 1:28:41]} Bxf3 {[%clk 1:17:22]} 10. Qxf3 {[%clk 1:27:19]} Qf6
{[%clk 1:17:14]} 11. Re1+ {[%clk 1:26:01]} Be7 {[%clk 1:13:16]} 12. Qe4
{[%clk 1:21:02]} Nd7 {[%clk 1:08:37]} 13. d5 {[%clk 1:16:29]} Nb6
{[%clk 0:48:26]} 14. dxc6 {[%clk 1:10:11]} Qxc6 {[%clk 0:47:01]} 15. Bd5
{[%clk 1:09:04]} Nxd5 {[%clk 0:46:46]} 16. Nxd5 {[%clk 1:09:27]} Rd8
{[%clk 0:46:12]} 17. Rd1 {[%clk 1:08:16]} Rd6 {[%clk 0:43:08]} 18. Bf4
{[%clk 1:07:31]} Re6 {[%clk 0:36:20]} 19. Qd4 {[%clk 1:07:55]} Rg6
{[%clk 0:32:07]} 20. Rac1 {[%clk 1:07:51]} Bf6 {[%clk 0:19:53]} 1-0

[Event "EYCC 2024 - G16"]
[Site "?"]
[Date "2024.08.29"]
[Round "7.14"]
[White "Ahn, Anastasia"]
[Black "Wojs, Alicja"]
[Result "0-1"]
[BlackElo "1953"]
[WhiteElo "1820"]
[LiveChessVersion "1.4.8"]

1. d4 {[%clk 1:30:05]} Nf6 {[%clk 1:30:52]} 2. Nc3 {[%clk 1:30:09]} d5
{[%clk 1:31:13]} 3. Bf4 {[%clk 1:30:36]} e6 {[%clk 1:31:34]} 4. Nb5
{[%clk 1:31:00]} Na6 {[%clk 1:31:56]} 5. e3 {[%clk 1:31:26]} Bb4+
{[%clk 1:30:29]} 6. c3 {[%clk 1:31:45]} Be7 {[%clk 1:30:54]} 7. a4
{[%clk 1:32:08]} c6 {[%clk 1:29:17]} 8. Na3 {[%clk 1:32:26]} Nc7 {[%clk 1:29:27]}
9. Nf3 {[%clk 1:32:08]} O-O {[%clk 1:29:36]} 10. Ne5 {[%clk 1:30:03]} a6
{[%clk 1:27:39]} 11. Bd3 {[%clk 1:27:14]} c5 {[%clk 1:24:40]} 12. g4
{[%clk 1:21:42]} c4 {[%clk 1:21:05]} 13. Bb1 {[%clk 1:15:48]} Nd7
{[%clk 1:18:39]} 14. g5 {[%clk 1:12:31]} Nxe5 {[%clk 1:16:29]} 15. Bxe5
{[%clk 1:10:40]} g6 {[%clk 1:13:51]} 16. h4 {[%clk 1:05:57]} Bd6 {[%clk 1:12:14]}
17. f4 {[%clk 1:00:23]} Bxe5 {[%clk 1:10:28]} 18. fxe5 {[%clk 0:57:48]} Qe7
{[%clk 1:09:34]} 19. Qg4 {[%clk 0:53:42]} b5 {[%clk 1:07:22]} 20. Nc2
{[%clk 0:47:56]} bxa4 {[%clk 1:04:48]} 21. h5 {[%clk 0:45:56]} Bd7
{[%clk 1:02:17]} 22. Kd2 {[%clk 0:40:04]} Rab8 {[%clk 0:59:14]} 23. Ra2
{[%clk 0:39:33]} Rb7 {[%clk 0:56:30]} 24. Kc1 {[%clk 0:36:37]} Rfb8
{[%clk 0:52:44]} 25. Ne1 {[%clk 0:29:24]} a3 {[%clk 0:46:57]} 26. Rh2
{[%clk 0:27:09]} Rxb2 {[%clk 0:43:54]} 27. Raxb2 {[%clk 0:26:55]} axb2+
{[%clk 0:44:02]} 28. Kd2 {[%clk 0:24:00]} Nb5 {[%clk 0:40:50]} 29. hxg6
{[%clk 0:23:55]} fxg6 {[%clk 0:41:13]} 30. Nc2 {[%clk 0:20:52]} a5
{[%clk 0:36:37]} 31. Qh4 {[%clk 0:13:04]} Be8 {[%clk 0:33:49]} 32. Qh3
{[%clk 0:11:42]} a4 {[%clk 0:30:54]} 33. Rh1 {[%clk 0:11:29]} Rb7
{[%clk 0:29:57]} 34. Qh6 {[%clk 0:09:33]} Na7 {[%clk 0:25:38]} 35. Nb4
{[%clk 0:07:28]} a3 {[%clk 0:22:43]} 36. Qh4 {[%clk 0:04:37]} Rb6
{[%clk 0:18:24]} 37. Rf1 {[%clk 0:02:36]} Nc6 {[%clk 0:17:43]} 38. Na2
{[%clk 0:01:01]} Na5 {[%clk 0:17:51]} 39. Nb4 {[%clk 0:01:23]} Nc6
{[%clk 0:16:12]} 40. Na2 {[%clk 0:01:46]} Rb7 {[%clk 0:15:19]} 41. Rh1
{[%clk 0:01:22]} Qf8 {[%clk 0:13:34]} 42. Ke2 {[%clk 0:01:22]} Na5
{[%clk 0:10:41]} 43. Nb4 {[%clk 0:01:10]} Nb3 {[%clk 0:10:36]} 44. Na2
{[%clk 0:00:49]} Nc1+ {[%clk 0:08:50]} 45. Kd2 {[%clk 0:00:34]} Nxa2
{[%clk 0:08:01]} 46. Bxa2 {[%clk 0:00:59]} Qf3 {[%clk 0:07:31]} 47. Qh2
{[%clk 0:01:12]} Rf7 {[%clk 0:07:13]} 48. Bb1 {[%clk 0:01:04]} Qf2+
{[%clk 0:07:10]} 49. Qxf2 {[%clk 0:01:16]} Rxf2+ {[%clk 0:07:35]} 50. Ke1
{[%clk 0:01:39]} Rg2 {[%clk 0:07:57]} 51. Rf1 {[%clk 0:01:37]} Ba4
{[%clk 0:07:49]} 52. e4 {[%clk 0:00:42]} Bc2 {[%clk 0:07:26]} 53. Bxc2
{[%clk 0:00:35]} Rxc2 {[%clk 0:07:51]} 0-1